Medio Atrato : (Registro nro. 20)

Detalles MARC
000 -CABECERA
Campo de control 01307cam a2200301 a 4500
005 - FECHA Y HORA DE LA ULTIMA TRANSACCION
Campo de control 20160216121301.0
008 - ELEMENTOS DE LONGITUD FIJA—INFORMACION GENERAL
Campo de control 030903s2002 ck ad r 000 0 spa d
020 ## - ISBN
ISBN 9588196019
040 ## - FUENTE DE CATALOGACIÓN
Agencia catalogadora original CO-BoPUJ
Agencia transcriptora CO-BoIAVH
041 0# - IDIOMA
Código de idioma para texto/pista de sonido o título separado Español
044 ## - PAÍS DE PUBLICACIÓN
País de publicación Colombia
082 04 - NUMERO DE CLASIFICACION DECIMAL DEWEY
Número de clasificación 305.8
Número del ítem M49a
245 00 - MENCION DE TITULO
Título Medio Atrato :
Parte restante del título territorio de vida
Mención de responsabilidad edición Clemencia Peña Trujillo y Beatriz Peña Trujillo
260 ## - PUBLICACION, DISTRIBUCION, ETC. (PIE DE IMPRENTA)
Lugar de publicación, distribución, etc. Bogotá :
Nombre del editor, distribuidor, etc. Red de Solidaridad Social,
Fecha de publicación, distribución, etc. 2002.
300 ## - DESCRIPCION FISICA
Extensión 272 páginas :
Otros detalles físicos ilustraciones, gráficas y tablas ;
Dimensiones 28 x 21 cm.
504 ## - NOTA DE BIBLIOGRAFIA, ETC.
Nota de bibliografía Incluye referencias bibliográficas (páginas 271-272).
650 26 - ASIENTO SECUNDARIO DE MATERIA - TERMINO TEMATICO
Término temático o nombre geográfico como elemento de entrada Negros
Subdivisión general Aspectos sociales
Subdivisión geográfica Medio atrato (Colombia)
9 (RLIN) 60229
650 26 - ASIENTO SECUNDARIO DE MATERIA - TERMINO TEMATICO
Término temático o nombre geográfico como elemento de entrada Negros
Subdivisión general Vida social y costumbres
Subdivisión geográfica Medio atrato (Colombia)
9 (RLIN) 60230
650 26 - ASIENTO SECUNDARIO DE MATERIA - TERMINO TEMATICO
Término temático o nombre geográfico como elemento de entrada Antropología cultural
Subdivisión geográfica Medio atrato (Colombia)
9 (RLIN) 60231
700 1# - ASIENTO SECUNDARIO - NOMBRE PERSONAL
Nombre personal Torre Uran, Lucía Mercedes de la
9 (RLIN) 60232
700 1# - ASIENTO SECUNDARIO - NOMBRE PERSONAL
Nombre personal Mejía Fernández, Claudia Helena
9 (RLIN) 60233
700 1# - ASIENTO SECUNDARIO - NOMBRE PERSONAL
Nombre personal Salazar Palacio, Jovanny Alberto
9 (RLIN) 60234
700 1# - ASIENTO SECUNDARIO - NOMBRE PERSONAL
Nombre personal Peña Trujillo, Clemencia
Término de relación editora
9 (RLIN) 60235
700 1# - ASIENTO SECUNDARIO - NOMBRE PERSONAL
Nombre personal Peña Trujillo, Beatriz
Término de relación editora
9 (RLIN) 60236
710 1# - ASIENTO SECUNDARIO - NOMBRE CORPORATIVO
Nombre corporativo o de jurisdicción como elemento de entrada Colombia
Unidad subordinada Presidencia de la República
-- Red de Solidaridad Social
9 (RLIN) 60237
710 2# - ASIENTO SECUNDARIO - NOMBRE CORPORATIVO
Nombre corporativo o de jurisdicción como elemento de entrada Asociación Campesina Integral del Atrato
Unidad subordinada Consejo Comunitario Mayor
9 (RLIN) 60238
942 ## - ELEMENTOS ADICIONALES (KOHA)
Sistema de clasificación Dewey Decimal Classification
Tipo de ítem Libro
Existencias
Withdrawn status Lost status Sistema de Clasificación Damaged status No para préstamo Colección Inventariado Ubicación Permanente Ubicación actual Fecha de adquisición Total Checkouts Número topográfico Inventario / Código de Barras Date last seen Date checked out Ejemplar Price effective from Forma de adquisición Tipo de material
    Dewey Decimal Classification     General Inventariado 2017 Bogotá Bogotá 02/10/2003 1 LB-305.8 M49a 014803 15/08/2018 15/08/2018 Ej. 1 04/12/2012   Libro